| 000 | 01113cam a22002771i 4500 | ||
|---|---|---|---|
| 003 | SA-RiAUC | ||
| 005 | 20250205075802.0 | ||
| 008 | 250125s1983 le g b 000 0cara c | ||
| 040 |
_aSA-JeALM _bara _cSA-RiAUC _erda |
||
| 082 | 0 | 4 |
_a922.582 _qSA-RiAUC |
| 090 |
_a922.582 _bق ر ا |
||
| 100 | 1 |
_aالقرافي، محمد بن يحيى بن عمر، _d939-1008 هجري _eمؤلف. |
|
| 245 | 1 | 0 |
_aتوشيح الديباج وحلية الابتهاج / _cبدر الدين القرافي. تحقيق احمد الشتيوي |
| 250 | _aالطبعة الأولى. | ||
| 264 | 1 |
_aبيروت : _bدار الغرب الإسلامي، _c1983 |
|
| 300 |
_a322 صفحة ؛ _c25 × 17 سم |
||
| 336 |
_aنص _btxt _2rdacontent _3كتاب |
||
| 337 |
_aبدون وسيط _bn _2rdamedia |
||
| 338 |
_aمجلد _bnc _2rdacarrier |
||
| 500 | _aكشافات : صفحة 274-322. | ||
| 504 | _aببليوجرافية : صفحة 273. | ||
| 650 | 7 |
_aالفقهاء المالكية _vتراجم _2aucsh |
|
| 700 |
_aالشتيوي، احمد _eمحقق. |
||
| 942 |
_2ddc _cBOOK _n0 |
||
| 949 |
_aSA-JeALM _d250125 _uosman123 _n1 |
||
| 999 |
_c5615 _d5615 |
||